| 000 | 00636nam a2200229Ia 4500 | ||
|---|---|---|---|
| 003 | OSt | ||
| 005 | 20221007071503.0 | ||
| 006 | a|||||r|||| 00| 0 | ||
| 007 | ta | ||
| 008 | 221006b |||||||| |||| 00| 0 eng d | ||
| 024 | _a27,407 | ||
| 037 | _cReports / Technical Reports | ||
| 040 |
_aFLL _cFLL _beng |
||
| 041 |
_2eng _aeng |
||
| 082 | _aZ6:88, K2 | ||
| 100 | _aAllott A.N. Ed. | ||
| 245 | 0 | _aJudicial and legal systems in Africa | |
| 260 |
_aLondon _bButterworths UK _c1962 |
||
| 300 |
_axiii,226p _ccm. |
||
| 942 |
_hZ6:88, K2 _cREP _2CC |
||
| 999 |
_c1143481 _d1143481 |
||